Central Library OPAC University of Rajshahi

Wilson and wilson;s Comprehensive analytical Chemistry/ (Record no. 10050)

MARC details
000 -LEADER
fixed length control field 01376cam a2200325 a 4500
001 - CONTROL NUMBER
control field 10050
003 - CONTROL NUMBER IDENTIFIER
rucl marc code BD-RjUL
005 - DATE AND TIME OF LATEST TRANSACTION
control field 20211208234902.0
008 - FIXED-LENGTH DATA ELEMENTS--GENERAL INFORMATION
fixed length control field 140122s1983 ne b 001 0 eng
020 ## - INTERNATIONAL STANDARD BOOK NUMBER
International Standard Book Number 0444996850 :
035 ## - SYSTEM CONTROL NUMBER
System control number (BD-RjUL)10097
040 ## - CATALOGING SOURCE
Original cataloging agency DLC
Transcribing agency DLC
Modifying agency BD-RjUL
Language of cataloging eng
041 1# - LANGUAGE CODE
Language code of text/sound track or separate title engcze
082 00 - DEWEY DECIMAL CLASSIFICATION NUMBER
Classification number 543
Edition number 19
Author mark and year WIL 1983
245 10 - TITLE STATEMENT
Title Wilson and wilson;s Comprehensive analytical Chemistry/
Statement of responsibility, etc. G. Svehla, ed.
Number of part/section of a work volume XVIII:
Name of part/section of a work Kinetic methods in chemical analysis / Miloslav Kopanica, Věra Stará ; Application of computers in analytical chemistry/ [by Karel Eckschlager, et al.]
260 ## - PUBLICATION, DISTRIBUTION, ETC. (IMPRINT)
Place of publication, distribution, etc. Amsterdam ;
-- New York :
Name of publisher, distributor, etc. Elsevier Scientific Pub. Co.,
Date of publication, distribution, etc. c1983.
300 ## - PHYSICAL DESCRIPTION
Pagination 444 p. ;
Illustrations Ill. ;
Size 24 cm.
490 1# - SERIES STATEMENT
Series statement Wilson and Wilson's comprehensive analytical chemistry ;
Volume/sequential designation v. 18
504 ## - BIBLIOGRAPHY, ETC. NOTE
Bibliography, etc Includes bibliographical references and index.
650 #0 - SUBJECT ADDED ENTRY--TOPICAL TERM
Topical term or geographic name as entry element Chemistry, Analytic.
9 (RLIN) 31016
Topical term or geographic name as entry element Chemical kinetics.
9 (RLIN) 12838
700 1# - ADDED ENTRY--PERSONAL NAME
Personal name Svehla G. , ed.
Personal name Kopanica, Miloslav ; Stara, Vera,
Personal name Eckschlager, Karel...[et al.]
830 #0 - SERIES ADDED ENTRY--UNIFORM TITLE
Volume number/sequential designation v. 18.
830 #0 - SERIES ADDED ENTRY--UNIFORM TITLE
Uniform title Comprehensive analytical chemistry ;
942 ## - ADDED ENTRY ELEMENTS (KOHA)
Source of classification or shelving scheme Dewey Decimal Classification
Koha item type Books
Holdings
Lost status Source of classification or shelving scheme Materials specified (bound volume or other part) Damaged status Not for loan Collection code Permanent Location Current Location Shelving location Date acquired Source of acquisition Cost, normal purchase price Total Checkouts Full call number Date last seen Copy number Koha item type
  Dewey Decimal Classification V-18   Not For Loan Non-fiction Central Library, University of Rajshahi Central Library, University of Rajshahi Reading Room 29/08/1984 A.B.A cal 1100.00   543 WIL 1983 22/01/2014 C-1 Books